| 000 | 00000nam##2200000za#4500 |
| 001 | 9.643996 |
| 003 | CaOODSP |
| 005 | 20250910142445 |
| 007 | cr ||||||||||| |
| 008 | 150407|1999||||xxc|||||o f|0| 0 fre|d |
| 040 | |aCaOODSP|bfre |
| 043 | |an-cn--- |
| 086 | 1 |aD2-347/1999F-PDF |
| 110 | 1 |aCanada. |bMinistère de la défense nationale. |
| 245 | 10|aPrise de décision éthique au sein du MDN : |h[ressource électronique]|bélaboration d'un outil de mesure : rapporat de recherche parrainé 99-14 / |cpar E. Kevin Kelloway, Julian Barling, Steve Harvey, et Major JE Adams-Roy ; [publ. par] Directeur Recherche et évaluation en Ressources humaines. |
| 246 | 14|aÉvaluation de base des valeurs éthiques au MDN, rapport-phase I |
| 260 | |aOttawa - Ontario : |bDéfense nationale |c[1999]. |
| 300 | |a39p.|bfigure, références, tableaux |
| 500 | |a« Progamme d'Éthique de la Défense »--p.1 de 39. |
| 590 | |a14-20-Supp|b2014-11-25 |
| 691 | 07|aArmée|2gcpds |
| 691 | 07|aÉthique|2gcpds |
| 691 | 07|aPrise de décision|2gcpds |
| 775 | 08|tEthical decision-making in DND : |w(CaOODSP)9.700085 |
| 856 | 40|ahttp://publications.gc.ca|qPDF|s416 Ko|uhttps://publications.gc.ca/collections/collection_2014/mdn-dnd/D2-347-1999-fra.pdf |